000 00318nam a2200121Ia 4500
008 190216s9999||||xx |||||||||||||| ||und||
100 _a"Shukla M C,Grewal T S&Amp; Gupta S C"
245 0 _a"Advanced Accounts Vol I,Ii"
260 _bS Chand & Co
_c1992
300 _a32.8p
650 _aCommerce-Accounting
942 _cBK
999 _c4312
_d4312